Discrete mathematics with applications
Αποθηκεύτηκε σε:
| Κύριος συγγραφέας: | |
|---|---|
| Μορφή: | Βιβλίο |
| Γλώσσα: | English |
| Δημοσίευση: |
Pacific Grove, Calif. :
Brooks/Cole Pub.,
c1995.
|
| Έκδοση: | 2nd ed. |
| Θέματα: | |
| Ετικέτες: |
Προσθήκη ετικέτας
Δεν υπάρχουν, Καταχωρήστε ετικέτα πρώτοι!
|
MARC
| LEADER | 00000cam a2200000 i 4500 | ||
|---|---|---|---|
| 001 | 1/9397 | ||
| 008 | 000810s1995 cau| ||| |||| ||eng|| | ||
| 020 | |a 0534944469 | ||
| 035 | |l 10063035 | ||
| 040 | |a GR-MyUa |b gre |e AACR2 | ||
| 041 | 0 | |a eng | |
| 082 | 7 | |a 511.1 |2 (23) | |
| 082 | 7 | |a 511.30285 |2 (22) | |
| 100 | 1 | |a Epp, Susanna S. | |
| 245 | 1 | 0 | |a Discrete mathematics with applications / |c Susanna S. Epp. |
| 250 | |a 2nd ed. | ||
| 260 | |a Pacific Grove, Calif. : |b Brooks/Cole Pub., |c c1995. | ||
| 300 | |a 1 τ. (ποκίλες σελιδαριθμήσεις) : |b εικ. ; |c 27 εκ. | ||
| 500 | |a Περιλαμβάνει ευρετήριο. | ||
| 650 | 0 | |a Mathematics. | |
| 852 | |a INST |b SAMOS |e 20000823 |h 511.30285 EPP |p 005300015203 |q 005300015203 |t BK |y 0 | ||
| 852 | |a INST |b SAMOS |e 20000823 |h 511.30285 EPP |p 005300015205 |q 005300015205 |t BK |y 0 | ||
| 852 | |a INST |b SAMOS |e 20000823 |h 511.30285 EPP |p 005300015207 |q 005300015207 |t BK |y 0 | ||
| 852 | |a INST |b SAMOS |e 20000810 |h 511.30285 EPP |p 005300019197 |q 005300019197 |t BK |y 0 | ||
| 852 | |a INST |b SAMOS |e 20000810 |h 511.30285 EPP |p 005300019198 |q 005300019198 |t BK |y 0 | ||
| 852 | |a INST |b SAMOS |e 20000810 |h 511.30285 EPP |p 005300019199 |q 005300019199 |t BK |y 23 | ||
| 852 | |a INST |b SAMOS |e 20000810 |h 511.30285 EPP |p 005300019200 |q 005300019200 |t BK |y 0 | ||
| 852 | |a INST |b SAMOS |e 20000810 |h 511.30285 EPP |p 005300019201 |q 005300019201 |t BK |y 0 | ||
| 852 | |a INST |b SAMOS |e 20000810 |h 511.30285 EPP |p 005300019202 |q 005300019202 |t BK |y 0 | ||
| 852 | |a INST |b SYROS |e 20000810 |h 511.1 EPP |p 005500000410 |q 005500000410 |t BK |y 0 | ||
| 901 | |a BIBL3-2000-2 | ||
| 922 | |a 3ΕΛΗ |b 200002 |c ΤΠΕΣ/ΠΟΛ |d LEADER | ||
| 922 | |a 5ΕΛΗ |b 200002 |c ΤΠΕΣ/ΠΟΛ |d LEADER | ||
| 970 | |a Μαλαγάρη |b Φωτεινή |z 10/08/2000 | ||